| 000 | 02061nam0a2200337 4500 | ||
|---|---|---|---|
| 001 | RU\NLR\bibl\1870472 | ||
| 005 | 20250616190150.0 | ||
| 010 |
_a978-5-7579-1460-2 _9600 |
||
| 021 |
_aRU _b2012-4850 _9351 |
||
| 035 | _a(NLR Aleph) 001860320 | ||
| 090 |
_a2522434 _c2522434 |
||
| 100 | _a20120216d2010 |||y0rusy50 ca | ||
| 101 | 1 |
_arus _atur _ctat |
|
| 102 | _aRU | ||
| 105 | _aa ||||||||| | ||
| 200 | 1 |
_aСборник задач по теории вероятностей для менеджеров _eучебное пособие _eдля студентов экономических и социально-гуманитарных специальностей вузов очной и заочной форм обучения _fП.Г. Данилаев, С.И. Дорофеева _gпод ред. К.Г. Гараева _gМ-во образования и науки Рос. Федерации, Гос. образоват. учреждение высш. проф. образования "Казан. гос. техн. ун-т" им. А.Н. Туполева |
|
| 210 |
_aКазань _cИзд-во Казанского государственного технического университета _d2010 |
||
| 215 |
_a181, [1] с. _cсхем. _d21 |
||
| 300 | _aНа 4-й с. об. авт.: Данилаев П.Г., проф., д.ф.-м.н., Дорофеева С.И., доц. | ||
| 313 | _aИздание содержит задачи с решениями. | ||
| 320 | _aБиблиогр.: с. 178-180 (27 назв.) | ||
| 606 | 1 |
_aВероятностей теория _jУчебные издания для высших учебных заведений _xЗадачи _xРешение _92103124 _3RU\NLR\auth\661271723 |
|
| 686 | _aВ171я73-41 | ||
| 700 | 1 |
_aДанилаев _bП. Г. _gПетр Григорьевич _4070 |
|
| 701 | 1 |
_aДорофеева _bС. И. _gСветлана Ивановна _4070 |
|
| 801 | 0 |
_aRU _bNLR _c20120216 _gRCR |
|
| 801 | 1 |
_aRU _bNLR _c20120216 |
|
| 942 | _cBOOK | ||
| 980 | _aNB | ||
| 980 | _aNBR | ||